书目信息 |
| 题名: |
大学英语四级最新题型应试攻略
|
|
| 作者: | 陈路林 主编 ;刘凌燕 编 | |
| 分册: | 模拟试题 | |
| 出版信息: | 上海 上海交通大学出版社 2006.1 |
|
| 页数: | 171页 | |
| 开本: | 26cm | |
| 丛书名: | ||
| 单 册: | ||
| 中图分类: | H310.42 | |
| 科图分类: | ||
| 主题词: | 英语--ying yu--高等学校--教材 | |
| 电子资源: | ||
| ISBN: | 7-313-04200-0 | |
| 000 | 00981nam0 2200253 45 | |
| 001 | 012006000000 | |
| 005 | 20061225145406.90 | |
| 010 | @a7-313-04200-0@dCNY28.00(含光盘) | |
| 016 | @aCN-R05-06-0008-0@b光盘 | |
| 100 | @a20060518d2006 em y0chiy0121 ea | |
| 101 | 0 | @achi@aeng |
| 102 | @aCN@b310000 | |
| 105 | @ay z 000yy | |
| 200 | 1 | @a大学英语四级最新题型应试攻略@Ada xue ying yu si ji zui xin ti xing ying shi gong lue@i模拟试题@f陈路林主编@g刘凌燕 ... [等]编 |
| 210 | @a上海@c上海交通大学出版社@d2006.1 | |
| 215 | @a171页@d26cm@e光盘1片 | |
| 304 | @a本书编者为: 刘凌燕、苏凌云、赵伟兴等 | |
| 330 | @a本书涵盖四级考试所有最新题型, 本书使用的素材精选自国内外书刊杂志, 阅读理解部分的短文题材广泛, 体裁多样, 在选材和试题设计的过程中, 参照正式公布的四级考试样题。 | |
| 606 | 0 | @a英语@Aying yu@x高等学校@j教材 |
| 690 | @aH310.42@v4 | |
| 701 | 0 | @a陈路林@Achen lu lin@4主编 |
| 702 | 0 | @a刘凌燕@Aliu ling yan@4编 |
| 801 | 0 | @aCN@c20061225 |
| 905 | @a10447@dH310.42@eC500 | |
| 大学英语四级最新题型应试攻略.模拟试题/陈路林主编/刘凌燕 ... [等]编.-上海:上海交通大学出版社,2006.1 |
| 171页;26cm+光盘1片 |
| ISBN 7-313-04200-0:CNY28.00(含光盘) |
| 本书涵盖四级考试所有最新题型, 本书使用的素材精选自国内外书刊杂志, 阅读理解部分的短文题材广泛, 体裁多样, 在选材和试题设计的过程中, 参照正式公布的四级考试样题。 |
| ● |
| 相关链接 |
|
|
|
正题名:大学英语四级最新题型应试攻略
索取号:H310.42/C500
 
预约/预借
| 序号 | 登录号 | 条形码 | 馆藏地/架位号 | 状态 | 备注 |
| 1 | 641614 | 206416145 | 语言库209/ [索取号:H310.42/C500] | 在馆 | |
| 2 | 641615 | 206416154 | 语言库209/209语言库 96排1列2层/ [索取号:H310.42/C500] | 在馆 | |
| 3 | 641616 | 206416163 | 语言库209/209语言库 96排1列2层/ [索取号:H310.42/C500] | 在馆 |